D.H. Lawrence : (Record no. 128481)

MARC details
000 -LEADER
fixed length control field 00659nam a22002297a 4500
005 - DATE AND TIME OF LATEST TRANSACTION
control field 20170124110040.0
010 ## - LIBRARY OF CONGRESS CONTROL NUMBER
LC control number 949340
020 ## - INTERNATIONAL STANDARD BOOK NUMBER
Terms of availability 45.00
035 ## - SYSTEM CONTROL NUMBER
System control number 949340
037 ## - SOURCE OF ACQUISITION
Source of stock number/acquisition Cen Lib/Ret
040 ## - CATALOGING SOURCE
Original cataloging agency DPL
Language of cataloging EN
082 ## - DEWEY DECIMAL CLASSIFICATION NUMBER
Classification number 882.08
Item number SUR
100 ## - MAIN ENTRY--PERSONAL NAME
Personal name Suresh Nath
9 (RLIN) 23541
245 ## - TITLE STATEMENT
Title D.H. Lawrence :
Statement of responsibility, etc by Suresh Nath
Remainder of title the dramatist /
260 ## - PUBLICATION, DISTRIBUTION, ETC. (IMPRINT)
Place of publication, distribution, etc New Delhi
Name of publisher, distributor, etc Vimal Prakashan
Date of publication, distribution, etc 1979
270 ## - ADDRESS
City New Delhi
Address 413-A, ram nagar
300 ## - PHYSICAL DESCRIPTION
Extent 183p.
Dimensions 21cm(Hb)
500 ## - GENERAL NOTE
General note Includes bibliographical references and index
650 ## - SUBJECT ADDED ENTRY--TOPICAL TERM
Topical term or geographic name as entry element literature
9 (RLIN) 6262
650 ## - SUBJECT ADDED ENTRY--TOPICAL TERM
Topical term or geographic name as entry element Epic literature
9 (RLIN) 101996
942 ## - ADDED ENTRY ELEMENTS (KOHA)
Source of classification or shelving scheme Dewey Decimal Classification
Koha item type English Books
Classification part 882.08
Call number suffix SUR
Holdings
Withdrawn status Lost status Damaged status Not for loan Home library Current library Date acquired Source of acquisition Cost, normal purchase price Total Checkouts Full call number Barcode Date last seen Copy number Cost, replacement price Price effective from Koha item type Public note
Written off       Central Library Central Library 02/07/2015 Cen Lib/Ret 45.00   882.08 SUR 949340 02/07/2015 1 45.00 02/07/2015 English Books W/d List No. 8132/13; dtd 20.2.2017

© Delhi Public Library
Hit Counter
free hit counter